The defeat of the Spanish Armada (Record no. 603260)
[ view plain ]
| 000 -LEADER | |
|---|---|
| fixed length control field | 00407nam a22001457a 4500 |
| 003 - CONTROL NUMBER IDENTIFIER | |
| control field | NUST |
| 005 - DATE AND TIME OF LATEST TRANSACTION | |
| control field | 20230928094629.0 |
| 008 - FIXED-LENGTH DATA ELEMENTS--GENERAL INFORMATION | |
| fixed length control field | 230928b ||||| |||| 00| 0 eng d |
| 082 ## - DEWEY DECIMAL CLASSIFICATION NUMBER | |
| Edition number | 942.055 |
| Classification number | MAT 1959 |
| 100 ## - MAIN ENTRY--PERSONAL NAME | |
| Personal name | Mattingly, Garrett |
| 9 (RLIN) | 118248 |
| 245 ## - TITLE STATEMENT | |
| Title | The defeat of the Spanish Armada |
| Statement of responsibility, etc. | Garrett Mattingly |
| 260 ## - PUBLICATION, DISTRIBUTION, ETC. | |
| Place of publication, distribution, etc. | London |
| Name of publisher, distributor, etc. | The Reprint Society |
| Date of publication, distribution, etc. | 1959 |
| 300 ## - PHYSICAL DESCRIPTION | |
| Extent | 415 p; |
| Other physical details | map |
| 942 ## - ADDED ENTRY ELEMENTS (KOHA) | |
| Source of classification or shelving scheme | |
| Koha item type | Book |
| Withdrawn status | Lost status | Source of classification or shelving scheme | Damaged status | Not for loan | Permanent Location | Current Location | Shelving location | Date acquired | Total Checkouts | Full call number | Barcode | Date last seen | Price effective from | Koha item type |
|---|---|---|---|---|---|---|---|---|---|---|---|---|---|---|
| Centre for International Peace & Stability (CIPS) | Centre for International Peace & Stability (CIPS) | General Stacks | 03/21/2023 | 942.055 MAT 1959 | CIPSD0000743 | 09/28/2023 | 09/28/2023 | Book |
